000 00500 a2200157 4500
005 20260406144208.0
008 260316b |||||||| |||| 00| 0 eng d
020 _a9789364873864
080 _a89M-94
_bSHE/U
100 _aSherif,K.
245 _aUdanja kuppiyilninnum alanja mashi(ഉടഞ്ഞ കുപ്പിയിൽ നിന്നും അലഞ്ഞ മഷി)
260 _bD C books.
_aKottayam.
_c2025.
300 _a112p.
653 _aMemoir-Malayalam Literature
942 _cBK
999 _c115339
_d115338